Bài tập môn quản trị sản xuất và tác nghiệp /

Đã lưu trong:
Bibliografiske detaljer
Hovedforfatter: Đặng Minh Trang, PTS
Format: Bog
Sprog:Vietnamese
Udgivet: Giáo dục 1996
Tags: Tilføj Tag
Ingen Tags, Vær først til at tagge denne postø!
Thư viện lưu trữ: Mạng thư viện Đại học Đà Nẵng
LEADER 00657nam a2200265 4500
001 000027220
003 ĐĂ-TO
005 20150403120000.0
008 150403s vm 000 vie
020 |c 0,0000 
040 |a notts 
100 |a Đặng Minh Trang, PTS 
245 |a Bài tập môn quản trị sản xuất và tác nghiệp /  |c Đặng Minh Trang. 
260 |b Giáo dục  |c 1996 
OWN |a LTT 
999 |a From the UDN01 
TYP |a Monograph 
TYP |a Printed language 
980 |a Mạng thư viện Đại học Đà Nẵng